000 00614nam a22002057a 4500
003 OSt
005 20210416102052.0
008 210306s1965 ||||| |||| 00| 0 eng d
040 _aeng
_beng
_cDLC
041 _aeng
080 _a821.111
_bD-88
100 _91278
_aDulles, Allen
245 _aThe Craft of Inteligence
_c/ by: A Signet Book, The New American Library
260 _aNew York
_bA Signet Book, The New American Library
_c1965
300 _a256 p.
365 _b0.75 usd
650 0 _9254
_aEnglish literature
653 _aინგლისური ლიტერატურა
942 _2udc
_cBK
999 _c2015
_d2015